000 00732nam a2200229Ia 4500
008 191130s2000##################000#0#eng##
020 _a9780521583428
022 _a97015777
040 _aACL
_cACL
082 _a276 SUN
100 _aSteed, Christopher
245 _aA history of the church in Africa
_cBengt Sundkler and Christopher Steed
260 _aCambridge
_bCambridge University Press
_cc2000
300 _axix, 1232 p. : ill., maps ; 24 cm
500 _aIncludes bibliographical references (p. 1099-1147) and indexes
650 _aAfrica - Church history
650 _aChristianity - Africa
700 _aSundkler, Bengt
990 _ac71e265cac10000c043e16b321b58502
991 _a115738
999 _c342024
_d342024